| 000 | 01522nam a2200337 i 4500 | ||
|---|---|---|---|
| 003 | EG-ScBUE | ||
| 005 | 20231220101830.0 | ||
| 008 | 170725q1996 ua b f b 000 0 ara d | ||
| 040 |
_aEG-ScBUE _bara _erda _dEG-ScBUE _cEG-ScBUE |
||
| 043 |
_af-ua--- _aff----- |
||
| 082 | 0 | 4 |
_a962.02 _bأ ح م _222 |
| 100 | 1 |
_aأحمد، حسن خضيري، _eمؤلف. |
|
| 245 | 1 | 0 |
_aعلاقات الفاطميين في مصر بدول المغرب، 362-567 هـ / 973-1171 م / _cتأليف الدكتور حسن خضيري أحمد، كلية الآداب، جامعة جنوب الوادي. |
| 250 | _aالطبعة الأولى. | ||
| 264 | 1 |
_aالقاهرة : _bمكتبة مدبولي، _c[1996] |
|
| 300 |
_a344 صفحة : _bخرائط ؛ _c24 سم. |
||
| 336 |
_2rdacontent _aنص _btxt |
||
| 337 |
_aبدون وسيط _2rdamedia _bn |
||
| 338 |
_aمجلد _bnc _2rdacarrier |
||
| 490 | 0 |
_aصفحات من تاريخ مصر؛ _v36 |
|
| 504 | _aيشتمل علي إرجاعات ببليوجرافية. | ||
| 590 | _aسامح | ||
| 650 | 7 |
_aالفاطميون _xتاريخ. _2BUEsh |
|
| 651 | 7 |
_aمصر _xتاريخ _yالعصر الفاطمي، 969-1171. _2BUEsh _921649 |
|
| 651 | 7 |
_aالمغرب العربي _xتاريخ _yالعصر الفاطمي، 969-1171. _2BUEsh |
|
| 651 | 7 |
_aمصر _xعلاقات خارجية _zالمغرب العربي. _2BUEsh |
|
| 651 | 7 |
_aالمغرب العربي _xعلاقات خارجية _zمصر. _2BUEsh |
|
| 653 |
_bGGEN _bBUSBOL _cJuly2017 |
||
| 655 | _vReading book | ||
| 942 | _2ddc | ||
| 999 |
_c25067 _d25039 |
||